Country Shapes of South America - Statistics

General Stats
  • This quiz has been taken 180 times
  • The average score is 11 of 12
Answer Stats
Picture Answer % Correct
Brazil
99%
Argentina
98%
Chile
96%
Peru
93%
Venezuela
93%
Bolivia
89%
Colombia
88%
Ecuador
88%
Paraguay
86%
Guyana
83%
Uruguay
83%
Suriname
82%
No matching quizzes found
Score Distribution
Percent of People with Each Score
Percentile by Number Answered
Your Score History
You have not taken this quiz